[Event "Maresme op 15th"]
[Site "Maresme"]
[Date "2018.10.20"]
[Round "3"]
[White "Murciano Criado, Natalia"]
[Black "Navarro Palomas, Mario"]
[Result "0-1"]
[WhiteElo "1321"]
[BlackElo "1476"]
[PlyCount "82"]
[EventDate "2018.09.29"]
[EventType "swiss"]
[EventRounds "9"]
[EventCountry "ESP"]
[SourceTitle "EXT 2020"]
[Source "ChessBase"]
[SourceDate "2019.10.17"]
[SourceVersion "1"]
[SourceVersionDate "2019.10.17"]
[SourceQuality "1"]

1. e4 e5 2. Nf3 Nc6 3. Bb5 Nf6 4. d3 d6 5. c3 g6 6. 0-0 Bg7 7. Re1 0-0 8. Nbd2 Nh5 9. Nf1 f5 10. Bc4+ Kh8 11. Ng3 Nxg3 12. hxg3 a6 13. a4 h6 14. Kh2 fxe4 15. dxe4 Bg4 16. Rh1 Qf6 17. Be2 Ne7 18. Qd3 Rad8 19. c4 Rfe8 20. Kg1 Qf8 21. Ng5 Bxe2 22. Qxe2 Nc6 23. Be3 Kg8 24. Nf3 h5 25. Nh4 Re6 26. Rh3 Bh6 27. Kh2 Bxe3 28. Qxe3 Rf6 29. f3 Qf7 30. Rh1 Qxc4 31. Nf5 Qxa4 32. Nh6+ Kf8 33. Qg5 Re6 34. Rxh5 Ke8 35. Rh4 Kd7 36. Nf5 Kc8 37. Ng7 Re7 38. Qxg6 Rg8 39. Rh7 Nd8 40. Qh6 Qd7 41. g4 Rgxg7 0-1

[Event "Foment Martinenc op-C 18th"]
[Site "Barcelona"]
[Date "2016.05.14"]
[Round "4"]
[White "Parra Ordorica, Arnau"]
[Black "Murciano Criado, Natalia"]
[Result "1-0"]
[WhiteElo "1789"]
[BlackElo "1670"]
[PlyCount "111"]
[EventDate "2016.04.23"]
[EventType "swiss"]
[EventRounds "9"]
[EventCountry "ESP"]
[SourceTitle "EXT 2017"]
[Source "ChessBase"]
[SourceDate "2016.10.25"]
[SourceVersion "1"]
[SourceVersionDate "2016.10.25"]
[SourceQuality "1"]

1. c4 Nf6 2. Nc3 e6 3. g3 c6 4. d4 d5 5. cxd5 cxd5 6. Bg5 Nbd7 7. Bg2 Bd6 8. Nf3 0-0 9. 0-0 h6 10. Bxf6 Nxf6 11. Qc2 Re8 12. e3 b6 13. Rfe1 Bb7 14. a3 e5 15. dxe5 Bxe5 16. Nxe5 Rxe5 17. Qd2 Rc8 18. Rac1 a6 19. Ne2 Bc6 20. Nd4 Qd7 21. Qc2 Bb7 22. Qd2 Ne4 23. Bxe4 dxe4 24. Rxc8+ Bxc8 25. Rc1 Rd5 26. Qe1 Qg4 27. Qe2 Qg5 28. Rxc8+ Kh7 29. Rc6 a5 30. Rxb6 h5 31. Rb7 Qg6 32. Qc4 Rg5 33. Qxf7 Qxf7 34. Rxf7 h4 35. Rf4 hxg3 36. hxg3 Re5 37. b4 axb4 38. axb4 Re7 39. Kg2 Kg6 40. Kh3 Kg5 41. Rf5+ Kg6 42. Kg4 Rb7 43. b5 Kh6 44. Rh5+ Kg6 45. Ne2 Kf6 46. Nf4 g6 47. Rh6 Rxb5 48. Rxg6+ Kf7 49. Re6 Kg7 50. Rxe4 Kh6 51. Re6+ Kg7 52. Rg6+ Kf7 53. f3 Rb8 54. e4 Rg8 55. Rxg8 Kxg8 56. Ng6 1-0